00601nam a2200181 a 450000100100000000500170001000800410002702000180006804000250008610000300011124501070014125000110024826000320025930000210029150000330031250000420034550400320038700004069020201002034316.0130905s2011 sp 000 0 spa d a9788432313950 aDO-SdBNPbspacBNPHU1 aGuerrero Serón, Antonio10aEnseñanza y sociedad :bel conocimiento sociológico de la educación /cAntonio Guerrero Serón. a3a ed. aMadrid :bSiglo XXI,c2011. a320 p. ;c22 cm. aIncluye índice analítico aIncluye notas al pie de las páginas aBibliografía : p. 287-310